Loading...
| Current Events | 2 | 20.00 | 100% | 100% | 0% |
| Fine Arts - Classical Music | 4 | 17.50 | 100% | 50% | 25% |
| Fine Arts - Other Fine Arts | 3 | 16.67 | 100% | 33% | 33% |
| Geography | 1 | 10.00 | 100% | 0% | 0% |
| History - American History | 3 | 23.33 | 100% | 67% | 67% |
| History - European History | 3 | 16.67 | 100% | 67% | 0% |
| History - Other History | 4 | 22.50 | 100% | 100% | 25% |
| History - World History | 6 | 16.67 | 100% | 67% | 0% |
| Literature - American Literature | 4 | 22.50 | 100% | 50% | 75% |
| Literature - British Literature | 2 | 15.00 | 100% | 50% | 0% |
| Literature - European Literature | 5 | 8.00 | 60% | 20% | 0% |
| Literature - World Literature | 4 | 10.00 | 100% | 0% | 0% |
| Mythology | 7 | 18.57 | 100% | 57% | 29% |
| Painting/Sculpture | 4 | 15.00 | 100% | 50% | 0% |
| Philosophy | 4 | 15.00 | 75% | 75% | 0% |
| Pop Culture | 2 | 30.00 | 100% | 100% | 100% |
| Religion | 4 | 22.50 | 100% | 75% | 50% |
| Science - Biology | 5 | 22.00 | 100% | 100% | 20% |
| Science - Chemistry | 5 | 2.00 | 20% | 0% | 0% |
| Science - Other Science | 4 | 12.50 | 100% | 25% | 0% |
| Science - Physics | 2 | 10.00 | 100% | 0% | 0% |
| Social Science | 3 | 13.33 | 100% | 0% | 33% |